<?xml version="1.0" encoding="UTF-8"?><?xml-stylesheet type="text/xsl" href="static/style.xsl"?><OAI-PMH xmlns="http://www.openarchives.org/OAI/2.0/" xmlns:xsi="http://www.w3.org/2001/XMLSchema-instance" xsi:schemaLocation="http://www.openarchives.org/OAI/2.0/ http://www.openarchives.org/OAI/2.0/OAI-PMH.xsd"><responseDate>2026-04-13T00:57:03Z</responseDate><request verb="GetRecord" identifier="oai:www.recercat.cat:2117/99240" metadataPrefix="marc">https://recercat.cat/oai/request</request><GetRecord><record><header><identifier>oai:recercat.cat:2117/99240</identifier><datestamp>2026-02-24T04:34:25Z</datestamp><setSpec>com_2072_1033</setSpec><setSpec>col_2072_452951</setSpec></header><metadata><record xmlns="http://www.loc.gov/MARC21/slim" xmlns:dcterms="http://purl.org/dc/terms/" xmlns:xsi="http://www.w3.org/2001/XMLSchema-instance" xmlns:doc="http://www.lyncode.com/xoai" xsi:schemaLocation="http://www.loc.gov/MARC21/slim http://www.loc.gov/standards/marcxml/schema/MARC21slim.xsd">
   <leader>00925njm 22002777a 4500</leader>
   <datafield ind2=" " ind1=" " tag="042">
      <subfield code="a">dc</subfield>
   </datafield>
   <datafield ind2=" " ind1=" " tag="720">
      <subfield code="a">Perejoan Martí, Ignasi</subfield>
      <subfield code="e">author</subfield>
   </datafield>
   <datafield ind2=" " ind1=" " tag="260">
      <subfield code="c">2016-06-23</subfield>
   </datafield>
   <datafield ind2=" " ind1=" " tag="520">
      <subfield code="a">Este proyecto profundizará en las causas que han llevado a España a padecer una evolución&#xd;
de la ocupación equiparable a Grecia.&#xd;
En Grecia, la recesión económica ha sido muy grave. Ha hecho caer la producción una quinta&#xd;
parte y ha obligado al país a pedir ayuda exterior de la Unión Europea para mantener su&#xd;
solvencia.&#xd;
Grecia ha quedado muy maltrecha económicamente por la crisis y su ocupación ha quedado&#xd;
también gravemente perjudicada a causa de la caída de la producción.&#xd;
España, pese a sus diferencias en cuánto a los índices de producción y a solvencia se refiere,&#xd;
está en una posición mucho mejor que Grecia, sin embargo su ocupación también ha&#xd;
resultado gravemente afectada.&#xd;
La ocupación de ambos países ha sufrido unas consecuencias muy similares durante la&#xd;
recesión, sin embargo, la producción de ambos países guardan unas diferencias notorias.&#xd;
Este proyecto pretende estudiar las causas que han producido que las ocupaciones de ambos&#xd;
países sean tan similares, ya que sus evoluciones durante la crisis han sido muy similares.&#xd;
Mediante datos se pretende averiguar qué factores han podido llevar a España a tales niveles&#xd;
de ocupación y mediante su comparación con Grecia, se pretende descubrir que causas&#xd;
únicas han provocado ésta caída tan notoria en la ocupación en España.</subfield>
   </datafield>
   <datafield tag="653" ind2=" " ind1=" ">
      <subfield code="a">Àrees temàtiques de la UPC::Economia i organització d'empreses</subfield>
   </datafield>
   <datafield tag="653" ind2=" " ind1=" ">
      <subfield code="a">Employment (Economic theory)</subfield>
   </datafield>
   <datafield tag="653" ind2=" " ind1=" ">
      <subfield code="a">Recessions -- Spain</subfield>
   </datafield>
   <datafield tag="653" ind2=" " ind1=" ">
      <subfield code="a">Recessions -- Greece</subfield>
   </datafield>
   <datafield tag="653" ind2=" " ind1=" ">
      <subfield code="a">Ocupació</subfield>
   </datafield>
   <datafield tag="653" ind2=" " ind1=" ">
      <subfield code="a">Recessions econòmiques -- Espanya</subfield>
   </datafield>
   <datafield tag="653" ind2=" " ind1=" ">
      <subfield code="a">Recessions econòmiques -- Grecia</subfield>
   </datafield>
   <datafield ind2="0" ind1="0" tag="245">
      <subfield code="a">Causas de la similar caída de la ocupación entre España y Grecia a pesar de su diferente caída en el PIB real durante el período 2008-2014</subfield>
   </datafield>
</record></metadata></record></GetRecord></OAI-PMH>